00680nam a2200181 a 450000500170000000800410001702000160005805000250007410000200009924500920011926000470021130000340025852100070029265000240029994200170032399900170034095201410035720140310183350.0070625s19uu xx 00 eng d a18444800941 aNC 730 b.Sc425 2005 aScott, Marylin. aThe drawing bible :ban essential reference for the practising artist./cMarylin Scott. aUnited Kingdom :bSearch Press Ltd,c2005. a192 p. :bill. col. ;c21 cm. aMA aDrawingxTechnique. cBK2lcckFOR c22072d22072 00102lcc40aCLbCLcGCd2014-01-22eLibrary Fundl3m0oNC 730 .Sc425 2005pC8415r2019-02-12 00:00:00s2019-02-08t1w2014-01-22yBK